Refleksje o wielkim przyjacielu

Bibliographic Details
Main Author: Serwińska, Barbara (Author)
Format: Book
Language:Polish
PhysicalDescription:48 s. fareb. fotogr. 21 cm
Published: Kraków Wydawnictwo i Drukarnia Towarzystwa Słowaków w Polsce 2012
ISBN:9788374904889
Subjects:

MARC

LEADER 00000nam a2200000 a 4500
001 vtls010518905
003 SK-MaSNL
005 20260302050318.0
008 240318s2012 pl o g 000 0dpol
015 |a SNBZSA2015 
020 |a 9788374904889  |q (brož.) 
035 |a 27F90594-FD1F-44EE-BE0A-B2A2753C89FC 
035 |a urn:nbn:sk:snk-aml37a 
035 |a urn:nbn:sk:snk-am008l7x 
040 |a SNK  |b slo  |c SNK  |e AACR2 
041 0 |a pol 
043 |a e-pl--- 
044 |a pl  |c PL 
072 7 |a 355/359  |x Vojenstvo. Obrana krajiny. Ozbrojené sily  |2 konspekt 
072 7 |a 929  |x Biografie  |2 konspekt 
072 7 |a 34  |x Právo  |2 konspekt 
080 |a 355.082  |2 2001 
080 |a (438)  |2 2001 
080 |a 355.084  |2 2001 
080 |a 34-051  |2 2001 
080 |a (0:82-94)  |2 2001 
100 1 |a Serwińska, Barbara  |4 aut  |9 704597 
245 1 0 |a Refleksje o wielkim przyjacielu  |c Barbara Serwińska 
260 |a Kraków  |b Wydawnictwo i Drukarnia Towarzystwa Słowaków w Polsce  |c 2012 
300 |a 48 s.  |b fareb. fotogr.  |c 21 cm 
500 |a Biogr. údaje 
600 1 7 |a Pałetko, Robert ,  |d ?-2011  |2 SNKMA  |9 704598 
648 7 |a 20.-21. stor.  |2 SNKPH  |9 270701 
648 7 |a 20th-21st centuries  |2 SNKPHeng  |9 285312 
650 0 7 |a dôstojníci  |2 SNKPH  |9 59086 
650 0 7 |a Officers  |2 SNKPHeng  |9 354208 
650 0 7 |a právnici  |2 SNKPH  |9 2687 
650 0 7 |a plukovníci  |2 SNKPH  |9 100621 
650 0 7 |a Colonels  |2 SNKPHeng  |9 425517 
650 0 7 |a Lawyers  |2 SNKPHeng  |9 282520 
650 0 7 |a spomienky  |2 SNKPH  |9 55795 
651 7 |a Poľsko  |2 SNKPH  |9 16755 
651 7 |a Poland  |2 SNKPHeng  |9 265193 
655 7 |a Reminiscences  |2 SNKPHeng  |9 93477 
919 |a 978-83-7490-488-9 
958 |a ZS 
958 |a PL 
999 |c 1096649  |d 1098579 
952 |a SNK  |b SNK  |y VYP  |7 0  |p 17A1072591  |o snkSC 154885 D1  |i snk2013/13831  |8 2  |g 3.00  |0 0  |1 0  |4 0  |d 2013-06-14  |l 0  |r 2026-02-24 17:17:24  |w 2026-02-24 
952 |a SNK  |b SNK  |y PREZ  |7 0  |p 17A1072410  |o snkSC 154885  |i snk2013/13659  |8 2  |g 4.00  |0 0  |1 0  |4 0  |d 2013-06-12  |f 1  |l 0  |r 2025-07-24 00:00:00  |w 2026-02-24